000 01603 a2200337 4500
001 25321
005 20260407155537.0
008 260407a2013 arg spa d
003 AR-UNSa-BCEJYS
040 _aAR-UNSa-BCEJYS
_bspa
_cAR-UNSa-BCEJYS
080 _a001.8
_xMetodología. Estudio general del método. Procedimientos científicos y técnicos para el estudio, La investigación y la discusión
245 1 0 _aElaboración de tesis, tesinas y trabajos finales
_pdiferentes modalidades, pautas metodológicas, indicadores de evaluación
020 _a978-987-538-360-9
264 1 _aBuenos Aires :
_bNoveduc
_c2013
300 _a205 p.
_c28 cm.
505 _a1. Sobre tesis, tesinas y trabajos finales - 2. La evaluación como práctica social institucionalizada - 3. Géneros discursivos - 4. La investigación científica - 5. La propuesta de intervención - 6. La auditoría de comunicación - 7. La comunicación publicitaria - 8. La investigación de mercados - 9. El plan de negocios - 10. Fundamentos e importancia de los mapas conceptuales para la representación y trasmisión del conocimiento
041 _aspa
942 _cBK
590 _aniveau_biblio:m niveau_hierar:0
100 1 _aIglesias, Gabriela
700 1 _aResala, Graciela
700 1 _aAdamovsky, Gustavo
700 1 _aAmado Suárez, Adriana
700 1 _aBernhardt, Florencia
700 1 _aBongiovanni, Maximiliano
700 1 _aEtkin, María Eugenia
700 1 _aGabrinetti, Mariana
700 1 _aPeña, Gonzalo Diego
700 1 _aRodríguez, Rubén José
700 1 _aVázquez, Norberto Osvaldo
999 _c1365
_d1365